[Event "17. European Team Championship 2009"]
[Site "Novi Sad SRB"]
[Date "2009.10.22"]
[Round "1.24"]
[White "Stanec, Nikolaus"]
[Black "Mamedov, Rauf"]
[Result "0-1"]
[WhiteElo "2541"]
[BlackElo "2626"]
[PlyCount "76"]
[EventDate "2009.10.22"]
[EventType "team"]
[EventRounds "9"]
[EventCountry "SER"]
[Source "lmi"]
[SourceDate "2009.10.22"]

1. g3 Nf6 2. Bg2 e5 3. d3 d5 4. Nf3 Nc6 5. O-O Be7 6. Nbd2 O-O 7. e4 dxe4 8.
dxe4 b6 9. Re1 Ba6 10. Bf1 Bxf1 11. Kxf1 Qd7 12. Kg2 Rad8 13. c3 Rfe8 14. Qe2
Bf8 15. Nf1 h6 16. N3d2 Na5 17. b4 Nb7 18. Bb2 a5 19. a3 Nd6 20. f3 h5 21. Nc4
Nxc4 22. Qxc4 h4 23. Qe2 Qe6 24. Ne3 g6 25. Rad1 Bh6 26. Nc4 a4 27. Rxd8 Rxd8
28. Bc1 Bxc1 29. Rxc1 Kg7 30. Ra1 Rh8 31. g4 Nh7 32. Rd1 Ng5 33. Rd5 Qf6 34.
Rxe5 h3+ 35. Kh1 Nxf3 36. Rd5 Qf4 37. Nd2 Nxd2 38. Rxd2 Re8 0-1

[Event "17. European Team Championship 2009"]
[Site "Novi Sad SRB"]
[Date "2009.10.22"]
[Round "1.52"]
[White "Efimenko, Zahar"]
[Black "Jenni, Florian"]
[Result "1/2-1/2"]
[WhiteElo "2654"]
[BlackElo "2500"]
[PlyCount "81"]
[EventDate "2009.10.22"]
[EventType "team"]
[EventRounds "9"]
[EventCountry "SER"]
[Source "lmi"]
[SourceDate "2009.10.22"]

1. e4 e5 2. Nf3 Nc6 3. Bb5 a6 4. Ba4 Nf6 5. O-O Be7 6. d3 b5 7. Bb3 d6 8. a4 b4
9. Nbd2 O-O 10. c3 bxc3 11. bxc3 Rb8 12. Re1 Na5 13. Ba2 c5 14. d4 cxd4 15.
cxd4 Nd7 16. Ba3 exd4 17. Nxd4 Ne5 18. Nf1 Nec6 19. Ne3 Nxd4 20. Qxd4 Nb3 21.
Bxb3 Rxb3 22. Nd5 Bf6 23. Nxf6+ Qxf6 24. Qxf6 gxf6 25. Bxd6 Re8 26. f3 f5 27.
e5 Be6 28. Rec1 Rb2 29. a5 h5 30. h4 Kh7 31. Rcb1 Rd2 32. Rb8 Rxb8 33. Bxb8 Ra2
34. Rxa2 Bxa2 35. Kf2 Kg6 36. Ke3 Bc4 37. Kf4 f6 38. Bc7 fxe5+ 39. Kxe5 Bf1 40.
g3 Be2 41. Kf4 1/2-1/2

[Event "17. European Team Championship 2009"]
[Site "Novi Sad SRB"]
[Date "2009.10.22"]
[Round "1.53"]
[White "Ekstroem, Roland"]
[Black "Drozdovskij, Yuri"]
[Result "1/2-1/2"]
[WhiteElo "2488"]
[BlackElo "2627"]
[PlyCount "62"]
[EventDate "2009.10.22"]
[EventType "team"]
[EventRounds "9"]
[EventCountry "SER"]
[Source "lmi"]
[SourceDate "2009.10.22"]

1. d4 Nf6 2. c4 e6 3. Nf3 d5 4. g3 dxc4 5. Bg2 c5 6. O-O Nc6 7. Qa4 Bd7 8. Qxc4
cxd4 9. Nxd4 Rc8 10. Nc3 Nxd4 11. Qxd4 Bc5 12. Qh4 O-O 13. Bg5 h6 14. Bxf6 Qxf6
15. Qxf6 gxf6 16. Rfd1 Rc7 17. Rd3 Rfc8 18. Rad1 Be8 19. Ne4 Be7 20. Nd6 Bxd6
21. Rxd6 Bc6 22. Bxc6 Rxc6 23. Rxc6 Rxc6 24. Rd2 f5 25. e3 Kf8 26. Rd7 Rb6 27.
b3 Ra6 28. Rxb7 Rxa2 29. Kg2 a5 30. Kf3 Kg7 31. Rb5 a4 1/2-1/2

[Event "17. European Team Championship 2009"]
[Site "Novi Sad SRB"]
[Date "2009.10.22"]
[Round "1.54"]
[White "Kryvoruchko, Yuriy"]
[Black "Gallagher, Joseph G"]
[Result "0-1"]
[WhiteElo "2612"]
[BlackElo "2464"]
[PlyCount "88"]
[EventDate "2009.10.22"]
[EventType "team"]
[EventRounds "9"]
[EventCountry "SER"]
[Source "lmi"]
[SourceDate "2009.10.22"]

1. e4 c5 2. Nf3 d6 3. d4 cxd4 4. Nxd4 Nf6 5. Nc3 a6 6. Be3 e5 7. Nb3 Be6 8. h3
Nbd7 9. g4 Nb6 10. g5 Nfd7 11. Nd5 Rc8 12. f4 Bxd5 13. exd5 Be7 14. h4 h6 15.
gxh6 Bxh4+ 16. Kd2 Rxh6 17. Qf3 exf4 18. Bxf4 Ne5 19. Qg2 Bg5 20. Bxg5 Qxg5+
21. Qxg5 Nf3+ 22. Kd3 Nxg5 23. Rxh6 gxh6 24. Bg2 Nc4 25. Rb1 Ne5+ 26. Kd2 Rc4
27. Rh1 Rg4 28. Bf1 Ne4+ 29. Ke1 Ng3 30. Rxh6 Re4+ 31. Kf2 Ng4+ 32. Kxg3 Nxh6
33. Na5 b5 34. c4 Nf5+ 35. Kf3 Re1 36. Kf2 Rb1 37. b3 Rb2+ 38. Kf3 Rxa2 39. Nc6
Ra3 40. cxb5 Rxb3+ 41. Kf4 Ne3 42. Na5 Ra3 43. b6 Nxf1 44. b7 Ra4+ 0-1

[Event "17. European Team Championship 2009"]
[Site "Novi Sad SRB"]
[Date "2009.10.22"]
[Round "1.61"]
[White "Roiz, Michael"]
[Black "Blagojevic, Dragisa"]
[Result "1-0"]
[WhiteElo "2658"]
[BlackElo "2546"]
[PlyCount "145"]
[EventDate "2009.10.22"]
[EventType "team"]
[EventRounds "9"]
[EventCountry "SER"]
[Source "lmi"]
[SourceDate "2009.10.22"]

1. d4 Nf6 2. c4 e6 3. Nf3 d5 4. Nc3 Nbd7 5. Bf4 dxc4 6. e3 Nb6 7. Bxc4 Nxc4 8.
Qa4+ Bd7 9. Qxc4 Bd6 10. Bg5 h6 11. Bh4 Bc6 12. Ne5 Bxe5 13. dxe5 g5 14. exf6
gxh4 15. Nb5 Rb8 16. Qc5 Bxb5 17. Qxb5+ c6 18. Qe5 Rc8 19. Rd1 Qc7 20. Qc5 Rg8
21. O-O Rg6 22. Qxa7 h3 23. g3 c5 24. Qa4+ Qc6 25. Qxc6+ Rxc6 26. f4 Rxf6 27.
Kf2 e5 28. Kf3 c4 29. Kg4 exf4 30. exf4 Rfd6 31. Kxh3 Rxd1 32. Rxd1 Ra6 33. Rd5
Rxa2 34. Rb5 Kf8 35. Rxb7 Ra1 36. Kg4 Kg7 37. Rb6 Rb1 38. Rb4 Rc1 39. Kh5 c3
40. bxc3 Rxc3 41. f5 Rc5 42. g4 Rc2 43. h4 Rc6 44. Rb7 Rf6 45. Ra7 Kh7 46. Ra4
Kg7 47. Ra5 Rb6 48. Ra8 Rf6 49. Rb8 Kh7 50. Rb5 Ra6 51. g5 hxg5 52. hxg5 Ra1
53. Rb7 Kg8 54. Kg4 Ra4+ 55. Kf3 Kf8 56. Rb8+ Kg7 57. Re8 Rb4 58. Re7 Rb3+ 59.
Kg4 Kf8 60. Rc7 Rb1 61. Kf4 Rb4+ 62. Ke5 Rb5+ 63. Ke4 Rb1 64. Kd5 Re1 65. Kd6
Ra1 66. Rc8+ Kg7 67. f6+ Kg6 68. Rg8+ Kf5 69. Ke7 Ra7+ 70. Kf8 Ke6 71. Kg7 Kf5
72. Kh6 Ra1 73. Rb8 1-0

[Event "17. European Team Championship 2009"]
[Site "Novi Sad SRB"]
[Date "2009.10.22"]
[Round "1.64"]
[White "Kosic, Dragan"]
[Black "Avrukh, Boris"]
[Result "1/2-1/2"]
[WhiteElo "2495"]
[BlackElo "2668"]
[PlyCount "122"]
[EventDate "2009.10.22"]
[EventType "team"]
[EventRounds "9"]
[EventCountry "SER"]
[Source "lmi"]
[SourceDate "2009.10.22"]

1. d4 Nf6 2. Nf3 g6 3. Bg5 Bg7 4. Nbd2 O-O 5. c3 d6 6. e4 Nbd7 7. Be2 h6 8. Bh4
Nh5 9. O-O g5 10. Bg3 e6 11. Ne1 Nxg3 12. hxg3 c5 13. Nc2 cxd4 14. Nxd4 Nc5 15.
a4 d5 16. exd5 Qxd5 17. Bf3 Qd7 18. Nc4 e5 19. Nb5 e4 20. Be2 Rd8 21. Qc2 Qe7
22. Rad1 Be6 23. Nd4 Bd7 24. b3 Rac8 25. Rfe1 Qf8 26. Nb5 a6 27. Nd4 Rc7 28. a5
Bc8 29. Nb6 Nd3 30. Bxd3 exd3 31. Qxd3 Bg4 32. Rc1 Qc5 33. Nc4 Bh5 34. Qe3 Bxd4
35. cxd4 Qxd4 36. Qxd4 Rxd4 37. Re3 Bd1 38. f3 Bxb3 39. Rxb3 Rdxc4 40. Rxc4
Rxc4 41. Rxb7 Rc5 42. Rb6 Rxa5 43. Rxh6 Ra1+ 44. Kf2 Ra2+ 45. Kg1 Kg7 46. Rc6
a5 47. Ra6 a4 48. f4 g4 49. f5 a3 50. Kh2 Ra1 51. Ra4 Kf6 52. Rxg4 Kxf5 53. Ra4
Ke5 54. g4 f6 55. Kg3 Kd5 56. Ra6 Kc4 57. Rxf6 Rd1 58. Ra6 Rd3+ 59. Kf4 Kb3 60.
g5 a2 61. g6 Rd4+ 1/2-1/2

[Event "17. European Team Championship 2009"]
[Site "Novi Sad SRB"]
[Date "2009.10.22"]
[Round "1.71"]
[White "Mitkov, Nikola"]
[Black "Meier, Georg"]
[Result "1/2-1/2"]
[WhiteElo "2525"]
[BlackElo "2664"]
[PlyCount "78"]
[EventDate "2009.10.22"]
[EventType "team"]
[EventRounds "9"]
[EventCountry "SER"]
[Source "lmi"]
[SourceDate "2009.10.22"]

1. d4 Nf6 2. Bf4 e6 3. e3 b6 4. Nd2 Be7 5. h3 O-O 6. Ngf3 c5 7. c3 d6 8. a3 Qd7
9. e4 cxd4 10. cxd4 Ba6 11. Bxa6 Nxa6 12. Qe2 Nb8 13. O-O Rc8 14. Rac1 Nc6 15.
Bg5 h6 16. Bh4 Rc7 17. Qd3 Rac8 18. d5 Nd8 19. Rxc7 Qxc7 20. Re1 Qc2 21. Qa6
Rc7 22. Bxf6 Bxf6 23. Qb5 Qxb2 24. Qe8+ Kh7 25. e5 Rc1 26. exf6 Rxe1+ 27. Kh2
Qxf6 28. Nxe1 Qf4+ 29. Kh1 Qxd2 30. Nf3 Qc1+ 31. Kh2 Qf4+ 32. Kg1 Qc1+ 33. Kh2
Qc7 34. Nd4 Qc4 35. Nc6 Qf4+ 36. Kg1 Qc1+ 37. Kh2 Nxc6 38. dxc6 Qf4+ 39. Kg1
Qc1+ 1/2-1/2

[Event "17. European Team Championship 2009"]
[Site "Novi Sad SRB"]
[Date "2009.10.22"]
[Round "1.73"]
[White "Stanojoski, Zvonko"]
[Black "Gustafsson, Jan"]
[Result "1/2-1/2"]
[WhiteElo "2492"]
[BlackElo "2622"]
[PlyCount "66"]
[EventDate "2009.10.22"]
[EventType "team"]
[EventRounds "9"]
[EventCountry "SER"]
[Source "lmi"]
[SourceDate "2009.10.22"]

1. e4 e5 2. Nf3 Nc6 3. Bb5 a6 4. Bxc6 dxc6 5. Nc3 f6 6. d4 exd4 7. Qxd4 Qxd4 8.
Nxd4 Bd7 9. Bf4 O-O-O 10. O-O-O Ne7 11. h4 Ng6 12. Bg3 h5 13. Rd2 Bb4 14. Rhd1
Rhe8 15. Nde2 f5 16. Nf4 Nxf4 17. Bxf4 Be6 18. Rxd8+ Rxd8 19. Rxd8+ Kxd8 20.
exf5 Bxf5 21. Ne2 Be6 22. a3 Bf8 23. Kd2 Kd7 24. Ng3 g6 25. Ne4 c5 26. f3 Kc6
27. Nf2 Be7 28. Nd3 Bf5 29. g3 b5 30. Bg5 Bd6 31. Bf4 Be7 32. Bg5 Bd6 33. Bf4
Kd5 1/2-1/2

[Event "17. European Team Championship 2009"]
[Site "Novi Sad SRB"]
[Date "2009.10.22"]
[Round "1.74"]
[White "Khenkin, Igor"]
[Black "Pancevski, Filip"]
[Result "1-0"]
[WhiteElo "2613"]
[BlackElo "2432"]
[PlyCount "73"]
[EventDate "2009.10.22"]
[EventType "team"]
[EventRounds "9"]
[EventCountry "SER"]
[Source "lmi"]
[SourceDate "2009.10.22"]

1. d4 Nf6 2. c4 g6 3. Nc3 Bg7 4. e4 d6 5. f3 O-O 6. Be3 Nc6 7. Nge2 a6 8. Qd2
Rb8 9. Rc1 Bd7 10. Nd1 Ne8 11. Nf2 e5 12. d5 Ne7 13. g3 c5 14. b4 b6 15. h4 f5
16. h5 gxh5 17. Rxh5 Nf6 18. Rh2 Rf7 19. bxc5 bxc5 20. Nc3 Qf8 21. Bd3 f4 22.
gxf4 exf4 23. Bxc5 Ng6 24. Ba3 Ne5 25. Be2 Qe7 26. Kf1 h5 27. c5 dxc5 28. d6
Qe8 29. Bxc5 Nfg4 30. Rxh5 Ne3+ 31. Bxe3 fxe3 32. Qxe3 Rf6 33. f4 Ng6 34. f5
Ne5 35. Rg5 Kf8 36. Qg3 Rf7 37. f6 1-0

[Event "17. European Team Championship 2009"]
[Site "Novi Sad SRB"]
[Date "2009.10.22"]
[Round "1.83"]
[White "Tate, Alan"]
[Black "Markus, Robert"]
[Result "0-1"]
[WhiteElo "2175"]
[BlackElo "2608"]
[PlyCount "100"]
[EventDate "2009.10.22"]
[EventType "team"]
[EventRounds "9"]
[EventCountry "SER"]
[Source "lmi"]
[SourceDate "2009.10.22"]

1. e4 c5 2. Nf3 Nc6 3. d4 cxd4 4. Nxd4 Qb6 5. Nb3 Nf6 6. Bd3 d6 7. Nc3 e6 8.
Be3 Qc7 9. f4 a6 10. Qf3 b5 11. g4 h6 12. O-O-O Nb4 13. Kb1 Bb7 14. Rhf1 d5 15.
g5 dxe4 16. Nxe4 Nxe4 17. Bxe4 Bxe4 18. Qxe4 Qc6 19. Qxc6+ Nxc6 20. h4 Ne7 21.
Nd4 g6 22. h5 gxh5 23. f5 e5 24. Ne2 hxg5 25. Bxg5 Rg8 26. Bf6 Rg4 27. Nc3 Rf4
28. Bxe5 Rxf1 29. Rxf1 O-O-O 30. a3 Nc6 31. Bf6 Be7 32. Bxe7 Nxe7 33. Rh1 Rh8
34. f6 Ng6 35. Ne4 h4 36. Kc1 Rh5 37. Kd2 Kd7 38. b3 Ke6 39. c4 bxc4 40. bxc4
Ne5 41. c5 Kd5 42. Ke3 h3 43. Rd1+ Kc6 44. Kf4 h2 45. Ng3 Ng6+ 46. Kg4 Rh8 47.
Rd6+ Kxc5 48. Rxa6 Ne5+ 49. Kf4 Nc6 50. a4 Rg8 0-1

[Event "17. European Team Championship 2009"]
[Site "Novi Sad SRB"]
[Date "2009.10.22"]
[Round "1.84"]
[White "Vuckovic, Bojan"]
[Black "Stevenson, James"]
[Result "1-0"]
[WhiteElo "2600"]
[BlackElo "2089"]
[PlyCount "39"]
[EventDate "2009.10.22"]
[EventType "team"]
[EventRounds "9"]
[EventCountry "SER"]
[Source "lmi"]
[SourceDate "2009.10.22"]

1. e4 c5 2. Nf3 d6 3. d4 cxd4 4. Nxd4 Nf6 5. Nc3 g6 6. Be3 Bg7 7. f3 Nc6 8. Qd2
O-O 9. O-O-O Bd7 10. g4 Nxd4 11. Bxd4 Be6 12. Kb1 a6 13. h4 b5 14. h5 b4 15.
Nd5 Bxd5 16. exd5 Rb8 17. Bxa6 Nxd5 18. Bxg7 Nc3+ 19. Bxc3 bxc3 20. Qxc3 1-0

[Event "17. European Team Championship 2009"]
[Site "Novi Sad SRB"]
[Date "2009.10.22"]
[Round "1.91"]
[White "Shirov, Alexei"]
[Black "Sulskis, Sarunas"]
[Result "1-0"]
[WhiteElo "2730"]
[BlackElo "2568"]
[PlyCount "75"]
[EventDate "2009.10.22"]
[EventType "team"]
[EventRounds "9"]
[EventCountry "SER"]
[Source "lmi"]
[SourceDate "2009.10.22"]

1. e4 c6 2. d4 d5 3. e5 c5 4. dxc5 Nc6 5. Bb5 e6 6. Be3 Nge7 7. c3 Nf5 8. Bd4
Bd7 9. Bxc6 Bxc6 10. Nf3 Nxd4 11. cxd4 b6 12. O-O Bb5 13. Nc3 Bxf1 14. Qxf1 Be7
15. Rc1 O-O 16. Nb5 a6 17. Nd6 Qd7 18. b4 Qa4 19. Qe1 Rab8 20. c6 Rbc8 21. c7
Bxd6 22. exd6 Qd7 23. Qe5 f6 24. Qg3 Kh8 25. h4 Rf7 26. h5 Kg8 27. h6 Qa4 28.
hxg7 Qxb4 29. Re1 Qb5 30. Rxe6 Qd7 31. Qh3 Rxg7 32. Nh4 Kh8 33. Qe3 Rcg8 34. g3
Rg5 35. Rxf6 Qh3 36. Rf8 Rxf8 37. Qxg5 Re8 38. Nf3 1-0

[Event "17. European Team Championship 2009"]
[Site "Novi Sad SRB"]
[Date "2009.10.22"]
[Round "1.94"]
[White "Sarakauskas, Gediminas"]
[Black "Salgado Lopez, Ivan"]
[Result "0-1"]
[WhiteElo "2424"]
[BlackElo "2555"]
[PlyCount "86"]
[EventDate "2009.10.22"]
[EventType "team"]
[EventRounds "9"]
[EventCountry "SER"]
[Source "lmi"]
[SourceDate "2009.10.22"]

1. d4 Nf6 2. c4 e6 3. Nf3 d5 4. g3 dxc4 5. Qa4+ Nbd7 6. Bg2 a6 7. Qxc4 b5 8.
Qc6 Rb8 9. Bf4 Nd5 10. Bg5 Be7 11. Bxe7 Qxe7 12. Nc3 Bb7 13. Nxd5 Bxc6 14. Nxe7
Kxe7 15. Rc1 Rb6 16. O-O Rc8 17. Nd2 Bxg2 18. Kxg2 Rd6 19. Nb3 e5 20. Rfd1 g6
21. dxe5 Nxe5 22. Nc5 Rcd8 23. Rxd6 Rxd6 24. f4 Nc4 25. Nd3 Rc6 26. Kf2 Na5 27.
Rxc6 Nxc6 28. e4 Kd6 29. Ke3 a5 30. b3 Nb4 31. Nxb4 axb4 32. g4 h6 33. h4 c5
34. h5 gxh5 35. gxh5 c4 36. Kd4 c3 37. Kd3 Kc5 38. Ke3 c2 39. Kd2 Kd4 40. Kxc2
Kxe4 41. Kb2 Kxf4 42. a4 bxa3+ 43. Kxa3 Ke4 0-1

[Event "17. European Team Championship 2009"]
[Site "Novi Sad SRB"]
[Date "2009.10.22"]
[Round "1.102"]
[White "Edouard, Romain"]
[Black "Johannessen, Leif Erlend"]
[Result "1-0"]
[WhiteElo "2620"]
[BlackElo "2532"]
[PlyCount "63"]
[EventDate "2009.10.22"]
[EventType "team"]
[EventRounds "9"]
[EventCountry "SER"]
[Source "lmi"]
[SourceDate "2009.10.22"]

1. e4 e5 2. Nf3 Nc6 3. Bb5 a6 4. Ba4 Nf6 5. O-O Be7 6. Re1 b5 7. Bb3 d6 8. c3
O-O 9. h3 Na5 10. Bc2 c5 11. d4 Qc7 12. Nbd2 Bd7 13. a3 Rfc8 14. d5 c4 15. Nf1
Nb7 16. N3h2 g6 17. Ng4 Nxg4 18. hxg4 Qd8 19. g3 a5 20. Kg2 Nc5 21. Ne3 Rab8
22. Rh1 f6 23. Bd2 Bf8 24. Qf3 Rc7 25. Qe2 Be8 26. f4 Bg7 27. Rh2 Re7 28. Qf3
Bd7 29. Rah1 exf4 30. gxf4 Qe8 31. Rxh7 Nxe4 32. Qh3 1-0

[Event "17. European Team Championship 2009"]
[Site "Novi Sad SRB"]
[Date "2009.10.22"]
[Round "1.103"]
[White "Elsness, Frode"]
[Black "Cornette, Matthieu"]
[Result "0-1"]
[WhiteElo "2458"]
[BlackElo "2577"]
[PlyCount "39"]
[EventDate "2009.10.22"]
[EventType "team"]
[EventRounds "9"]
[EventCountry "SER"]
[Source "lmi"]
[SourceDate "2009.10.22"]

1. d4 Nf6 2. c4 e6 3. Nc3 Bb4 4. Qc2 O-O 5. e4 d5 6. e5 Ne4 7. Bd3 c5 8. Nf3
cxd4 9. Nxd4 Nd7 10. Bf4 Ndc5 11. O-O Bxc3 12. bxc3 Bd7 13. Nb3 Nxd3 14. Qxd3
Rc8 15. cxd5 Nxc3 16. dxe6 Bxe6 17. Qe3 Nd5 18. Qd2 Rc4 19. Be3 Qc7 20. Rad1
0-1

[Event "17. European Team Championship 2009"]
[Site "Novi Sad SRB"]
[Date "2009.10.22"]
[Round "1.113"]
[White "Gyimesi, Zoltan"]
[Black "Erdogdu, Mert"]
[Result "1-0"]
[WhiteElo "2594"]
[BlackElo "2467"]
[PlyCount "145"]
[EventDate "2009.10.22"]
[EventType "team"]
[EventRounds "9"]
[EventCountry "SER"]
[Source "lmi"]
[SourceDate "2009.10.22"]

1. d4 Nf6 2. c4 g6 3. Nc3 Bg7 4. e4 d6 5. h3 O-O 6. Bg5 Na6 7. Bd3 e5 8. d5 c6
9. Nf3 Nc5 10. Bc2 a5 11. O-O h6 12. Be3 cxd5 13. Bxc5 dxc5 14. cxd5 Ne8 15.
Qe2 Bd7 16. Ba4 Nd6 17. Bxd7 Qxd7 18. Nd2 a4 19. Nc4 Nxc4 20. Qxc4 Ra5 21. b4
axb3 22. axb3 Rfa8 23. Ra4 Bf8 24. Rfa1 Qd8 25. g3 R8a6 26. Kg2 Qb6 27. Qd3 c4
28. Qxc4 Rc5 29. Rxa6 bxa6 30. Na4 Rxc4 31. Nxb6 Rxe4 32. Rxa6 Rd4 33. Nd7 Be7
34. Nxe5 Rxd5 35. Nc4 Rd3 36. Rb6 Rc3 37. Rb8+ Kg7 38. Rb7 Kf8 39. Ne5 Rc2 40.
Kf3 h5 41. h4 Rb2 42. Nd3 Rc2 43. b4 Bf6 44. Ke3 Rc3 45. Rb5 Rc4 46. Rd5 Ke7
47. Ra5 Bd4+ 48. Kf3 Rc3 49. Ke2 Rb3 50. Rd5 Bc3 51. Rb5 Bd4 52. Rd5 Bc3 53. b5
Ba5 54. f4 Ra3 55. f5 Bc7 56. fxg6 fxg6 57. Rg5 Kf7 58. Ke3 Bd8 59. Rd5 Bb6+
60. Kd2 Ra2+ 61. Kc3 Rg2 62. Rg5 Be3 63. Nf4 Rf2 64. Rd5 Bxf4 65. gxf4 Rxf4 66.
b6 Ke6 67. Rb5 Rf8 68. b7 Rb8 69. Kb4 g5 70. hxg5 h4 71. Ka5 h3 72. Ka6 h2 73.
Rb6+ 1-0

[Event "17. European Team Championship 2009"]
[Site "Novi Sad SRB"]
[Date "2009.10.22"]
[Round "1.114"]
[White "Atakisi, Umut"]
[Black "Ruck, Robert"]
[Result "0-1"]
[WhiteElo "2406"]
[BlackElo "2548"]
[PlyCount "56"]
[EventDate "2009.10.22"]
[EventType "team"]
[EventRounds "9"]
[EventCountry "SER"]
[Source "lmi"]
[SourceDate "2009.10.22"]

1. e4 c6 2. d4 d5 3. Nd2 dxe4 4. Nxe4 Bf5 5. Ng3 Bg6 6. h4 h6 7. Nf3 Nd7 8. h5
Bh7 9. Bd3 Bxd3 10. Qxd3 e6 11. Bd2 Ngf6 12. O-O-O Be7 13. Qe2 O-O 14. Nf1 Nb6
15. c4 c5 16. dxc5 Nbd7 17. g4 Nxc5 18. Bc3 Qc7 19. N1d2 Nh7 20. Kb1 Rad8 21.
Ne4 Nxe4 22. Qxe4 Nf6 23. Qe2 Qf4 24. Rxd8 Rxd8 25. Rg1 Ne4 26. Kc2 Nxc3 27.
Kxc3 b5 28. Re1 bxc4 0-1

[Event "17. European Team Championship 2009"]
[Site "Novi Sad SRB"]
[Date "2009.10.22"]
[Round "1.122"]
[White "Pantsulaia, Levan"]
[Black "Karttunen, Mika"]
[Result "1-0"]
[WhiteElo "2600"]
[BlackElo "2426"]
[PlyCount "117"]
[EventDate "2009.10.22"]
[EventType "team"]
[EventRounds "9"]
[EventCountry "SER"]
[Source "lmi"]
[SourceDate "2009.10.22"]

1. Nf3 Nf6 2. c4 c5 3. g3 d5 4. cxd5 Nxd5 5. Bg2 Nc6 6. Nc3 Nc7 7. O-O e5 8. d3
Be7 9. Nd2 Bd7 10. Nc4 f6 11. f4 exf4 12. Bxf4 O-O 13. Qb3 Ne6 14. Qxb7 Rc8 15.
Qb3 Ncd4 16. Qd1 Bc6 17. Bxc6 Nxc6 18. Qe1 g5 19. Bd2 f5 20. Qf2 Qd7 21. Qg2
Rcd8 22. Kh1 Ned4 23. Rf2 Rf7 24. Raf1 h6 25. Bc1 Bf8 26. g4 f4 27. e3 Ne6 28.
exf4 Qxd3 29. Qxc6 Qxc4 30. b3 Qxc3 31. Qxe6 Rd6 32. Qe4 Qd4 33. Qg2 gxf4 34.
Rxf4 Rxf4 35. Rxf4 Qc3 36. Qf1 Bg7 37. Qc4+ Qxc4 38. Rxc4 Bd4 39. Kg2 Rf6 40.
b4 Rf2+ 41. Kg3 Rxa2 42. bxc5 Be5+ 43. Kf3 Ra1 44. c6 Bc7 45. Bxh6 Rf1+ 46. Ke4
Kf7 47. h4 Re1+ 48. Be3 Ke6 49. h5 a5 50. h6 Kf6 51. Kd3 Rd1+ 52. Ke2 Rd8 53.
Bf4 Bxf4 54. Rxf4+ Kg6 55. c7 Rc8 56. Rc4 Kxh6 57. Kd3 Kg5 58. Kd4 a4 59. Kd5
1-0

[Event "17. European Team Championship 2009"]
[Site "Novi Sad SRB"]
[Date "2009.10.22"]
[Round "1.123"]
[White "Agopov, Mikael"]
[Black "Gagunashvili, Merab"]
[Result "1/2-1/2"]
[WhiteElo "2452"]
[BlackElo "2564"]
[PlyCount "67"]
[EventDate "2009.10.22"]
[EventType "team"]
[EventRounds "9"]
[EventCountry "SER"]
[Source "lmi"]
[SourceDate "2009.10.22"]

1. e4 d6 2. d4 Nf6 3. Nc3 g6 4. Bg5 c6 5. Qd2 b5 6. Bd3 Bg7 7. f4 O-O 8. Nf3
Bg4 9. O-O Qb6 10. Ne2 e5 11. fxe5 dxe5 12. Be3 exd4 13. Nexd4 Qc7 14. a4 bxa4
15. Rxa4 Bxf3 16. Nxf3 Nbd7 17. Qa5 Qxa5 18. Rxa5 Ng4 19. Bd4 Bxd4+ 20. Nxd4
Nge5 21. Rfa1 c5 22. Nf3 Nc6 23. Ra6 Nb6 24. e5 Rad8 25. Be4 Nd4 26. Rxa7 Rfe8
27. Ng5 Rd7 28. c3 Ne2+ 29. Kf2 Rd2 30. Ke1 Rxb2 31. Nxf7 Nxc3 32. Nh6+ Kh8 33.
Nf7+ Kg8 34. Nh6+ 1/2-1/2

[Event "17. European Team Championship 2009"]
[Site "Novi Sad SRB"]
[Date "2009.10.22"]
[Round "1.124"]
[White "Sanikidze, Tornike"]
[Black "Luukkonen, Tommi"]
[Result "1-0"]
[WhiteElo "2600"]
[BlackElo "2317"]
[PlyCount "67"]
[EventDate "2009.10.22"]
[EventType "team"]
[EventRounds "9"]
[EventCountry "SER"]
[Source "lmi"]
[SourceDate "2009.10.22"]

1. d4 d5 2. c4 e6 3. Nf3 c6 4. Qc2 dxc4 5. Qxc4 Nf6 6. Bg5 Be7 7. e3 O-O 8. Bd3
c5 9. O-O cxd4 10. Nxd4 Nbd7 11. Be2 Ne5 12. Qc2 Ng6 13. Rd1 Qa5 14. Bxf6 gxf6
15. Nc3 f5 16. Rac1 Rd8 17. Nb3 Qe5 18. Rxd8+ Bxd8 19. Rd1 Bc7 20. g3 a6 21.
Bf3 Rb8 22. Bg2 b5 23. Nd5 exd5 24. Rxd5 Qe7 25. Rc5 Be6 26. Rxc7 Qb4 27. Rc3
Qa4 28. Nd4 Qxa2 29. Ra3 Qc4 30. Rxa6 b4 31. Qxc4 Bxc4 32. Ra5 f6 33. Rxf5 Ne5
34. b3 1-0

[Event "17. European Team Championship 2009"]
[Site "Novi Sad SRB"]
[Date "2009.10.22"]
[Round "1.133"]
[White "Macieja, Bartlomiej"]
[Black "Bogut, Zeljko"]
[Result "1/2-1/2"]
[WhiteElo "2618"]
[BlackElo "2442"]
[PlyCount "109"]
[EventDate "2009.10.22"]
[EventType "team"]
[EventRounds "9"]
[EventCountry "SER"]
[Source "lmi"]
[SourceDate "2009.10.22"]

1. d4 Nf6 2. c4 e6 3. Nc3 d5 4. cxd5 exd5 5. Bg5 c6 6. e3 Qb6 7. Qc2 Ne4 8. Bf4
Na6 9. Bxa6 Qxa6 10. Nxe4 dxe4 11. Qxe4+ Be6 12. Ne2 Bb4+ 13. Nc3 O-O 14. a3
Bd5 15. Qc2 c5 16. dxc5 Bxg2 17. Rg1 Bf3 18. Be5 Bxc3+ 19. Bxc3 f6 20. Rg3 Qc6
21. Bd4 Bh5 22. Kd2 Bg6 23. Qc4+ Kh8 24. Rag1 Rad8 25. h4 b6 26. h5 Qxc5 27.
Qxc5 bxc5 28. hxg6 cxd4 29. e4 hxg6 30. Rxg6 Rd7 31. b4 Re8 32. R6g4 Re5 33.
Rc1 a5 34. Rc4 axb4 35. axb4 Rh5 36. Rg1 Rh4 37. f3 Rh2+ 38. Kd3 Rb2 39. f4
Rb3+ 40. Kc2 Re3 41. Rc8+ Kh7 42. f5 d3+ 43. Kb2 Rh3 44. Rc4 d2 45. Rd1 Kh6 46.
Kc2 Rhd3 47. Rc7 R7d4 48. b5 Ra3 49. b6 Rxe4 50. b7 Rb4 51. Rxd2 Rab3 52. Rh2+
Kg5 53. Rxg7+ Kxf5 54. Rhh7 Rb2+ 55. Kc3 1/2-1/2

[Event "17. European Team Championship 2009"]
[Site "Novi Sad SRB"]
[Date "2009.10.22"]
[Round "1.151"]
[White "Istratescu, Andrei"]
[Black "Saiboulatov, Daniyal"]
[Result "1/2-1/2"]
[WhiteElo "2624"]
[BlackElo "2395"]
[PlyCount "216"]
[EventDate "2009.10.22"]
[EventType "team"]
[EventRounds "9"]
[EventCountry "SER"]
[Source "lmi"]
[SourceDate "2009.10.22"]

1. e4 e6 2. d4 d5 3. Nc3 Bb4 4. e5 c5 5. a3 Bxc3+ 6. bxc3 Qc7 7. h4 Bd7 8. h5
h6 9. Rh3 Ba4 10. Bd2 c4 11. Qg4 Rh7 12. Kd1 Nc6 13. Ne2 O-O-O 14. Rf3 Kb8 15.
g3 Ka8 16. Bh3 Qe7 17. Qh4 Qe8 18. Nf4 a5 19. Be3 Ka7 20. Kd2 Ka6 21. Rb1 b6
22. Bg4 Rd7 23. Qh1 Re7 24. Qf1 Ka7 25. Qe2 Qd7 26. Ke1 Re8 27. Nxd5 Qxd5 28.
Rxf7+ Re7 29. Bf3 Rxf7 30. Bxd5 exd5 31. f4 Nge7 32. g4 Rh8 33. Kd2 Nd8 34. f5
Re8 35. Rf1 Ng8 36. Qg2 Bc6 37. Bf2 Ref8 38. Bh4 Ne6 39. Qe2 Kb7 40. Re1 Nc7
41. Qh2 Rc8 42. Kc1 Ne8 43. Qf4 Nc7 44. Kb2 Ne6 45. Qe3 Nc7 46. Rf1 Re8 47. Qd2
Bd7 48. Ka2 Bc6 49. Rf2 Ref8 50. Qc1 Bb5 51. Qb2 Ka6 52. a4 Bc6 53. Qa3 Rc8 54.
Rf1 Ne8 55. Kb2 Rb8 56. Kc1 Rc8 57. Kd2 Rb8 58. Bg3 Rc8 59. Ke3 Ra8 60. Kf2 Rc8
61. Bh4 Ra8 62. Kg3 Rc8 63. Rf2 Ra8 64. Kh3 Rc8 65. Kg2 Ra8 66. Kf1 Rc8 67. Ke2
Ra8 68. Rf1 Rc8 69. Ra1 Ra8 70. Qc1 Rc8 71. Qf4 Nc7 72. Kd2 Kb7 73. Kc1 Rd8 74.
Qe3 Re8 75. Kb2 Ref8 76. e6 Rf6 77. Ka3 Rc8 78. Bxf6 gxf6 79. g5 hxg5 80. h6
Nxh6 81. Qh3 Rh8 82. Rh1 Ne8 83. Qh5 Nd6 84. Qg6 Ndxf5 85. Qxf6 Re8 86. Rxh6
Nxh6 87. Qxh6 Ka6 88. e7 Kb7 89. Qxg5 Kc7 90. Qf4+ Kd7 91. Qe5 Ra8 92. Kb2 Re8
93. Kc1 Ra8 94. Kd1 Re8 95. Kd2 Rxe7 96. Qb8 Bxa4 97. Qxb6 Bc6 98. Qxa5 Re8 99.
Qa7+ Kd6 100. Qf7 Bd7 101. Kc1 Bc6 102. Qa7 Ra8 103. Qf7 Re8 104. Qf4+ Kd7 105.
Kb2 Ra8 106. Qe5 Ra4 107. Qg7+ Kd6 108. Kc1 Ra8 1/2-1/2